000 00629nam a22001577a 4500
008 160525b xxu||||| |||| 00| 0 eng d
082 _22010
_aUT 0235
_bG11
100 _99003
_aGabihan, Joanne Cicille Y.
245 _aFactors affecting durian productionin Eman, Bansalan, Davao del Sur/
_cJoanne Cicille Y. Gabihan, Aileen d. Sarcauga and Cynthia M. Giluano.
260 _aDigos City:
_bUMDC
_cOctober 2010.
300 _a36 pages;
_c28 cm.
650 0 _99002
_aBusiness Administration
_vManagement Accounting
_xUndergraduate thesis.
700 _99000
_aSarcauga, Aileen D.
700 _99001
_aGiluano, Cynthia M.
942 _2ddc
_cUT
999 _c2721
_d2721